LEADER 02186nam 2200421 450 001 9910794207803321 005 20230823002014.0 010 $a88-921-8960-3 035 $a(CKB)4100000011646310 035 $a(MiAaPQ)EBC6424255 035 $a(Au-PeEL)EBL6424255 035 $a(OCoLC)1227387030 035 $a(EXLCZ)994100000011646310 100 $a20220521d2020 uy 0 101 0 $aita 135 $aurcnu|||||||| 181 $ctxt$2rdacontent 182 $cc$2rdamedia 183 $acr$2rdacarrier 200 13$aLa corruzione $ea never ending story : strumenti di contrasto e modelli di tipizzazione nel panorama comparato e sovrannazionale /$fValeria Scalia 210 1$aTurin, Italy :$cGiappichelli,$d[2020] 210 4$dİ2020 215 $a1 online resource (913 pages) 311 $a88-921-3552-X 327 $aCover -- Occhiello -- Dedica -- Indice -- Premessa -- Cap I Introduzione. Obiettivi e metodologia dell'indagine condotta -- Cap II Breve inquadramento del fenomeno corruttivo. Vecchi e nuovi modelli di corruzione -- Cap III Gli strumenti normativi internazionali ed europei di contrasto della corruzione -- Cap IV Il sistema dei delitti di corruzione nell'ambito dell'ordinamento tedesco -- Cap V Le tendenze emerse dall'analisi degli ordinamenti austriaco, portoghese e greco -- Cap VI Il sistema dei delitti di corruzione nell'ordinamento britannico. Tendenze evolutive tracciate dal Bribery Act -- Cap VII Ricognizione degli esiti dell'analisi comparatistica con riguardo alle coordinate considerate -- Cap VIII Il sistema italiano dei delitti di corruzione tra riforme legislative e profili applicativi -- Conclusioni. Tutela integrata e limitazione della penalizzazione indiscriminata -- Bibliografia -- Volumi pubblicati. 606 $aCorruption$xPrevention$zItaly 606 $aCorruption$xLaw and legislation$zItaly 615 0$aCorruption$xPrevention 615 0$aCorruption$xLaw and legislation 676 $a345 700 $aScalia$b Valeria$0517514 801 0$bMiAaPQ 801 1$bMiAaPQ 801 2$bMiAaPQ 906 $aBOOK 912 $a9910794207803321 996 $aLa corruzione$93728839 997 $aUNINA